[Event "SRB-chT (Women)"]
[Site "Valjevo"]
[Date "2012.09.22"]
[Round "6.3"]
[White "Zivic, Radmila"]
[Black "Vujic Katanic, Branka"]
[Result "1-0"]
[WhiteElo "2022"]
[BlackElo "2099"]
[PlyCount "43"]
[EventDate "2012.09.17"]
[EventType "team-tourn"]
[EventRounds "11"]
[EventCountry "SRB"]
[SourceTitle "CBM 150 Extra"]
[Source "ChessBase"]
[SourceDate "2012.10.19"]
[SourceVersion "1"]
[SourceVersionDate "2012.10.19"]
[SourceQuality "1"]
[WhiteTeam "Belgrade Rad (W)"]
[BlackTeam "Novi Sad Sah Kruzok (W)"]
[WhiteTeamCountry "SRB"]
[BlackTeamCountry "SRB"]

1. e4 e6 2. d3 c5 3. Nf3 Nc6 4. g3 g6 5. Bg2 Bg7 6. 0-0 Nge7 7. c3 0-0 8. Be3 Qb6 9. Qc1 Re8 10. Na3 d6 11. b4 Nb8 12. Nc4 Qc7 13. bxc5 d5 14. Nd6 Rd8 15. Bd4 f6 16. e5 fxe5 17. Nxe5 Na6 18. Nef7 Rf8 19. Qf4 Nf5 20. Bxg7 Kxg7 21. Qe5+ Kg8 22. Qh8# 1-0

[Event "SRB-chT (Women)"]
[Site "Valjevo"]
[Date "2011.09.05"]
[Round "10.6"]
[White "Rakic, Teodora"]
[Black "Vujic Katanic, Branka"]
[Result "1-0"]
[WhiteElo "1766"]
[BlackElo "2108"]
[PlyCount "77"]
[EventDate "2011.08.27"]
[EventType "team-tourn"]
[EventRounds "11"]
[EventCountry "SRB"]
[SourceTitle "CBM 144 Extra"]
[Source "ChessBase"]
[SourceDate "2011.10.28"]
[SourceVersion "1"]
[SourceVersionDate "2011.10.28"]
[SourceQuality "1"]
[WhiteTeam "LeStane (W)"]
[BlackTeam "Novi Sad Sah Kruzok (W)"]
[WhiteTeamCountry "SRB"]
[BlackTeamCountry "SRB"]

1. d4 d5 2. c4 e6 3. Nf3 c6 4. g3 Nf6 5. Bg2 Bd6 6. 0-0 0-0 7. Nc3 Nbd7 8. Qc2 dxc4 9. Nd2 Nb6 10. a4 a5 11. Rd1 Bb4 12. Nf1 Qc7 13. e4 e5 14. Bg5 Ng4 15. Ne2 h6 16. Be3 Nxe3 17. Nxe3 Be6 18. Bf1 Rfd8 19. dxe5 Qxe5 20. Nf4 Bc5 21. Nxe6 Rxd1 22. Rxd1 Bxe3 23. Nxg7 Kxg7 24. fxe3 Re8 25. Bg2 Re7 26. Rf1 f6 27. Rf5 Qd6 28. Rxa5 Re5 29. Rxe5 Qxe5 30. Bh3 Qa5 31. Qe2 Qxa4 32. Bf5 Qb4 33. Qg4+ Kf8 34. Qf4 Qxb2 35. Qd6+ Kf7 36. Qe6+ Kg7 37. Qe7+ Kg8 38. Be6+ Kh8 39. Qf8+ 1-0

[Event "SRB-chT (Women)"]
[Site "Valjevo"]
[Date "2011.09.03"]
[Round "8.5"]
[White "Chelushkina, Irina"]
[Black "Vujic Katanic, Branka"]
[Result "1-0"]
[WhiteElo "2296"]
[BlackElo "2108"]
[PlyCount "41"]
[EventDate "2011.08.27"]
[EventType "team-tourn"]
[EventRounds "11"]
[EventCountry "SRB"]
[SourceTitle "CBM 144 Extra"]
[Source "ChessBase"]
[SourceDate "2011.10.28"]
[SourceVersion "1"]
[SourceVersionDate "2011.10.28"]
[SourceQuality "1"]
[WhiteTeam "Belgrade BAS (W)"]
[BlackTeam "Novi Sad Sah Kruzok (W)"]
[WhiteTeamCountry "SRB"]
[BlackTeamCountry "SRB"]

1. e4 e6 2. d4 d5 3. e5 c5 4. c3 Nc6 5. Nf3 Qb6 6. a3 Nh6 7. b4 cxd4 8. cxd4 Nf5 9. Be3 Be7 10. Nc3 Bd7 11. Na4 Qd8 12. Nc5 b6 13. Nxd7 Kxd7 14. Ba6 b5 15. Bxb5 Qb6 16. Qd3 Rab8 17. Ba4 Kd8 18. 0-0 a6 19. g4 Nxe3 20. fxe3 g6 21. Nd2 1-0

[Event "SRB-chT (Women)"]
[Site "Valjevo"]
[Date "2011.08.29"]
[Round "3.5"]
[White "Vujic Katanic, Branka"]
[Black "Rapport, Jovana"]
[Result "0-1"]
[WhiteElo "2108"]
[BlackElo "2299"]
[PlyCount "84"]
[EventDate "2011.08.27"]
[EventType "team-tourn"]
[EventRounds "11"]
[EventCountry "SRB"]
[SourceTitle "CBM 144 Extra"]
[Source "ChessBase"]
[SourceDate "2011.10.28"]
[SourceVersion "1"]
[SourceVersionDate "2011.10.28"]
[SourceQuality "1"]
[WhiteTeam "Novi Sad Sah Kruzok (W)"]
[BlackTeam "Belgrade Rad (W)"]
[WhiteTeamCountry "SRB"]
[BlackTeamCountry "SRB"]

1. d4 Nf6 2. g3 c5 3. Nf3 b6 4. d5 Bb7 5. Nc3 b5 6. Nxb5 Bxd5 7. Bg2 a6 8. Nc3 Bc6 9. 0-0 d5 10. Ne5 Bb7 11. b3 e6 12. Na4 Qc7 13. Bb2 Bd6 14. Nc4 Be7 15. Be5 Qd8 16. Ncb6 Ra7 17. c4 d4 18. e3 Bxg2 19. Kxg2 Nc6 20. exd4 cxd4 21. Bxf6 Bxf6 22. Qf3 Qc7 23. c5 0-0 24. Rac1 Bg5 25. Rc2 d3 26. Rb2 Ne5 27. Qe4 f5 28. Qe1 Qc6+ 29. f3 Bf6 30. Rd2 g5 31. h3 g4 32. Qe3 Nxf3 33. Rxf3 Qxf3+ 34. Qxf3 gxf3+ 35. Kxf3 e5 36. Kg2 e4 37. Nd5 Bg5 38. Nf4 Re8 39. Kf1 e3 40. Rxd3 Bxf4 41. gxf4 e2+ 42. Ke1 Rg7 0-1

[Event "SRB-chT (Women)"]
[Site "Valjevo"]
[Date "2011.08.28"]
[Round "2.2"]
[White "Maric, Mirjana"]
[Black "Vujic Katanic, Branka"]
[Result "1/2-1/2"]
[WhiteElo "2283"]
[BlackElo "2108"]
[PlyCount "39"]
[EventDate "2011.08.27"]
[EventType "team-tourn"]
[EventRounds "11"]
[EventCountry "SRB"]
[SourceTitle "CBM 144 Extra"]
[Source "ChessBase"]
[SourceDate "2011.10.28"]
[SourceVersion "1"]
[SourceVersionDate "2011.10.28"]
[SourceQuality "1"]
[WhiteTeam "Goracici Jelica (W)"]
[BlackTeam "Novi Sad Sah Kruzok (W)"]
[WhiteTeamCountry "SRB"]
[BlackTeamCountry "SRB"]

1. e4 e6 2. d4 d5 3. Nc3 Nc6 4. Nf3 Nf6 5. e5 Ne4 6. Bd3 Bb4 7. Bd2 Nxd2 8. Qxd2 f6 9. a3 Be7 10. 0-0 fxe5 11. dxe5 0-0 12. Rfe1 Bd7 13. b4 a6 14. Nd1 Be8 15. c3 Na7 16. Nd4 Qd7 17. Qc2 h6 18. Ne3 c5 19. bxc5 Bxc5 20. Qd2 1/2-1/2

[Event "Mediterranean-ch 7th"]
[Site "Rijeka"]
[Date "2009.09.12"]
[Round "3"]
[White "Makropoulou, Marina"]
[Black "Vujic Katanic, Branka"]
[Result "1/2-1/2"]
[WhiteElo "2288"]
[BlackElo "2115"]
[PlyCount "102"]
[EventDate "2009.09.11"]
[EventType "swiss"]
[EventRounds "9"]
[EventCountry "CRO"]
[SourceTitle "CBM 132 Extra"]
[Source "ChessBase"]
[SourceDate "2009.11.03"]
[SourceVersion "1"]
[SourceVersionDate "2009.11.03"]
[SourceQuality "1"]

1. e4 c6 2. d4 d5 3. Nc3 g6 4. h3 Bg7 5. Nf3 Nh6 6. Bf4 f6 7. exd5 cxd5 8. Bb5+ Nc6 9. Qe2 Nf7 10. 0-0 0-0 11. Rfe1 Re8 12. Rad1 e6 13. Qd2 a6 14. Bf1 Bd7 15. g4 Qa5 16. a3 b5 17. Qc1 Qb6 18. Qe3 Rac8 19. Bg2 Na5 20. Nd2 Nd6 21. Qg3 Ndc4 22. Nxc4 Nxc4 23. Bc1 Qc7 24. Qxc7 Rxc7 25. Ne2 Bf8 26. Nf4 Bd6 27. Nd3 Nb6 28. c3 Na4 29. Re2 a5 30. Rde1 Kf7 31. f4 Nb6 32. Kf2 Rec8 33. Be3 b4 34. axb4 axb4 35. Nc5 bxc3 36. bxc3 Na4 37. Nxd7 Rxd7 38. Bd2 Re7 39. f5 Nxc3 40. fxe6+ Kg7 41. Re3 Nb5 42. Rd3 Rc4 43. Bxd5 Rxd4 44. Rxd4 Nxd4 45. Bc3 Nb5 46. Bb2 Be5 47. Bxe5 fxe5 48. Rxe5 Kf6 49. Re3 Nc7 50. Bc4 Nxe6 51. h4 h6 1/2-1/2

[Event "BIH-chT (Women)"]
[Site "Neum"]
[Date "2008.06.06"]
[Round "3"]
[White "Vujic Katanic, Branka"]
[Black "Hadziselimovic, Bernardina"]
[Result "1/2-1/2"]
[WhiteElo "2104"]
[BlackElo "1754"]
[PlyCount "49"]
[EventDate "2008.06.04"]
[EventType "team"]
[EventRounds "7"]
[EventCountry "BIH"]
[SourceTitle "CBM 124 Extra"]
[Source "ChessBase"]
[SourceDate "2008.07.03"]
[SourceVersion "1"]
[SourceVersionDate "2008.07.03"]
[SourceQuality "1"]

1. Nf3 Nf6 2. c4 g6 3. Nc3 c5 4. d4 cxd4 5. Nxd4 Bg7 6. e4 d6 7. Be2 a6 8. Be3 0-0 9. 0-0 e5 10. Nc2 Be6 11. Nb4 Qc7 12. Nbd5 Nxd5 13. Nxd5 Bxd5 14. Qxd5 Nc6 15. c5 dxc5 16. Qxc5 Rac8 17. Rac1 Qd7 18. Qd5 Qxd5 19. exd5 Nd4 20. Bd3 Rfd8 21. Rxc8 Rxc8 22. Rc1 Rxc1+ 23. Bxc1 e4 24. Bf1 Kf8 25. Be3 1/2-1/2

[Event "BIH-chT (Women)"]
[Site "Neum"]
[Date "2008.06.04"]
[Round "1"]
[White "Dengler, Dijana"]
[Black "Vujic Katanic, Branka"]
[Result "0-1"]
[WhiteElo "2105"]
[BlackElo "2104"]
[PlyCount "84"]
[EventDate "2008.06.04"]
[EventType "team"]
[EventRounds "7"]
[EventCountry "BIH"]
[SourceTitle "CBM 124 Extra"]
[Source "ChessBase"]
[SourceDate "2008.07.03"]
[SourceVersion "1"]
[SourceVersionDate "2008.07.03"]
[SourceQuality "1"]

1. d4 d5 2. Nf3 Nf6 3. e3 c5 4. b3 Qa5+ 5. Bd2 Qb6 6. Nc3 cxd4 7. exd4 Nc6 8. Bb5 Bg4 9. 0-0 e6 10. a4 Bxf3 11. Qxf3 Qxd4 12. Bf4 Bb4 13. Na2 Be7 14. Rfe1 0-0 15. c3 Qb6 16. b4 Qd8 17. Nc1 a5 18. Nd3 Ne4 19. Bxc6 bxc6 20. Ne5 axb4 21. Nxc6 Qd7 22. Ne5 Qb7 23. cxb4 Qxb4 24. Reb1 Rxa4 25. Nc6 Rxa1 26. Rxa1 Qb7 27. Ne5 Bf6 28. Re1 h6 29. Ng4 Qb4 30. Rf1 Qc3 31. Qe2 h5 32. Nxf6+ Qxf6 33. Bc1 Qf5 34. h3 Rc8 35. Be3 e5 36. Qa6 d4 37. Bc1 Rc2 38. Qa8+ Kh7 39. f3 Ng3 40. Re1 Ne2+ 41. Kf1 Nxc1 42. Qa3 Qd3+ 0-1

[Event "SCG-chT1 (Women)"]
[Site "Vrnjacka Banja"]
[Date "2005.10.26"]
[Round "10"]
[White "Stojanovic, Marija R"]
[Black "Vujic Katanic, Branka"]
[Result "1/2-1/2"]
[WhiteElo "2188"]
[BlackElo "2123"]
[PlyCount "41"]
[EventDate "2005.10.17"]
[EventType "team"]
[EventRounds "11"]
[EventCountry "YUG"]
[SourceTitle "EXT 2006"]
[Source "ChessBase"]
[SourceDate "2005.11.24"]
[SourceVersion "1"]
[SourceVersionDate "2005.11.24"]
[SourceQuality "1"]

1. e4 g6 2. d4 Bg7 3. Nf3 c6 4. Nc3 d5 5. Be2 dxe4 6. Nxe4 Nd7 7. 0-0 Ngf6 8. Nxf6+ Nxf6 9. c3 0-0 10. a4 Nd7 11. a5 c5 12. dxc5 Nxc5 13. Qxd8 Rxd8 14. Be3 Nd3 15. Bxd3 Rxd3 16. Rfd1 Bf5 17. Rxd3 Bxd3 18. Rd1 Bb5 19. Bc5 e5 20. Be7 f6 21. b3 1/2-1/2

[Event "SCG-chT (Women)"]
[Site "Budva"]
[Date "2004.09.15"]
[Round "7.3"]
[White "Vujic Katanic, Branka"]
[Black "Tuvic, Nada"]
[Result "1-0"]
[WhiteElo "2124"]
[BlackElo "2049"]
[PlyCount "43"]
[EventDate "2004.09.08"]
[EventType "team"]
[EventRounds "11"]
[EventCountry "YUG"]
[SourceTitle "CBM 102 Extra"]
[Source "ChessBase"]
[SourceDate "2004.11.03"]
[SourceVersion "1"]
[SourceVersionDate "2004.11.03"]
[SourceQuality "1"]
[WhiteTeam "08"]
[BlackTeam "10"]
[WhiteTeamCountry "YUG"]
[BlackTeamCountry "YUG"]

1. Nf3 Nf6 2. c4 c5 3. Nc3 Nc6 4. d4 cxd4 5. Nxd4 e6 6. Ndb5 d6 7. Bf4 e5 8. Bg5 a6 9. Na3 Be7 10. g3 Be6 11. Bg2 0-0 12. 0-0 Rc8 13. Bxf6 Bxf6 14. Nd5 Re8 15. Nc2 Bg5 16. e3 b5 17. cxb5 axb5 18. Qd3 Ne7 19. Ncb4 Rc5 20. Rfd1 Bf5 21. Nxe7+ Qxe7 22. Qxf5 1-0

[Event "SCG-chT (Women)"]
[Site "Budva"]
[Date "2004.09.10"]
[Round "3.3"]
[White "Chelushkina, Irina"]
[Black "Vujic Katanic, Branka"]
[Result "1-0"]
[WhiteElo "2373"]
[BlackElo "2124"]
[PlyCount "99"]
[EventDate "2004.09.08"]
[EventType "team"]
[EventRounds "11"]
[EventCountry "YUG"]
[SourceTitle "CBM 102 Extra"]
[Source "ChessBase"]
[SourceDate "2004.11.03"]
[SourceVersion "1"]
[SourceVersionDate "2004.11.03"]
[SourceQuality "1"]
[WhiteTeam "02"]
[BlackTeam "08"]
[WhiteTeamCountry "YUG"]
[BlackTeamCountry "YUG"]

1. g3 d5 2. Nf3 Nf6 3. Bg2 c6 4. 0-0 Bf5 5. d3 Nbd7 6. Nbd2 e6 7. Qe1 Be7 8. e4 Bg4 9. h3 Bxf3 10. Nxf3 dxe4 11. dxe4 e5 12. Nh4 0-0 13. Nf5 Ne8 14. Qe2 Nd6 15. Nxe7+ Qxe7 16. a4 Rfe8 17. Be3 Nf8 18. Rfd1 Ne6 19. Ra3 c5 20. Rad3 Nd4 21. Bxd4 exd4 22. c3 Nf5 23. Qf3 c4 24. R3d2 dxc3 25. Qxc3 Nh6 26. Qxc4 Rec8 27. Qb3 Rc7 28. Qe3 f6 29. Qb3+ Nf7 30. a5 Kf8 31. e5 Re8 32. exf6 gxf6 33. Qa4 Ne5 34. Qf4 Nc4 35. Qh6+ Qg7 36. Qxg7+ Rxg7 37. Rd5 Nxb2 38. R1d4 Rc7 39. Rf5 Re6 40. Rb4 Nc4 41. Bd5 Re1+ 42. Kg2 Nxa5 43. Rxf6+ Kg7 44. Rf5 Kg6 45. Rf8 Rg7 46. Rg4+ Kh6 47. Rh4+ Kg6 48. Be4+ Rxe4 49. Rxe4 b5 50. Re6+ 1-0

[Event "YUG-ch (Women)"]
[Site "Budva"]
[Date "2002.??.??"]
[Round "?"]
[White "Maric, Mirjana"]
[Black "Vujic Katanic, Branka"]
[Result "1-0"]
[WhiteElo "2288"]
[BlackElo "2130"]
[PlyCount "97"]
[EventDate "2002.08.??"]
[EventType "team"]
[EventRounds "9"]
[EventCountry "YUG"]
[SourceTitle "EXT 2003"]
[Source "ChessBase"]
[SourceDate "2002.11.25"]
[SourceVersion "1"]
[SourceVersionDate "2002.11.25"]
[SourceQuality "1"]

1. e4 c5 2. Nf3 Nc6 3. Bb5 Qb6 4. Nc3 g6 5. 0-0 Bg7 6. Nd5 Qa5 7. c3 Nf6 8. Qe2 a6 9. Bxc6 bxc6 10. Nxf6+ Bxf6 11. e5 Bg7 12. d3 0-0 13. Bg5 Re8 14. Nd2 Qd8 15. Rfe1 a5 16. Nb3 Qb6 17. Be3 a4 18. Nxc5 Qa5 19. d4 d6 20. exd6 exd6 21. Nd3 Ba6 22. Qd2 Rab8 23. Bf4 Red8 24. Nb4 Bb7 25. Nc2 Ba8 26. b4 axb3 27. axb3 Qb6 28. b4 Rbc8 29. Ne3 c5 30. bxc5 dxc5 31. d5 Qb3 32. Rac1 Bf6 33. c4 Bd4 34. h3 Bb7 35. Rb1 Qc3 36. Qxc3 Bxc3 37. Rec1 Bd2 38. Rc2 Bb4 39. Ra2 Ra8 40. Rba1 Rxa2 41. Rxa2 Re8 42. Ra7 Bc8 43. Rc7 Kg7 44. d6 Be6 45. Bg5 h6 46. Be7 Rc8 47. d7 Rxc7 48. d8Q Rd7 49. Bf6+ 1-0

[Event "YUG-chT (Women)"]
[Site "Kragujevac"]
[Date "2000.12.20"]
[Round "10"]
[White "Vujic Katanic, Branka"]
[Black "Popovic, Jelena"]
[Result "0-1"]
[WhiteElo "2125"]
[BlackElo "2007"]
[PlyCount "82"]
[EventDate "2000.12.11"]
[EventType "team"]
[EventRounds "11"]
[EventCountry "YUG"]
[SourceTitle "CBM 079 Extra"]
[Source "ChessBase"]
[SourceDate "2001.01.11"]
[SourceVersion "2"]
[SourceVersionDate "2001.01.25"]
[SourceQuality "1"]

1. Nf3 d5 2. d4 Nf6 3. c4 c6 4. e3 Bf5 5. cxd5 cxd5 6. Nc3 e6 7. Ne5 a6 8. g4 Bg6 9. h4 h5 10. g5 Ne4 11. Nxg6 fxg6 12. Nxe4 dxe4 13. Bg2 Bb4+ 14. Bd2 Bxd2+ 15. Qxd2 Qd5 16. 0-0 0-0 17. Qc2 Nc6 18. Bxe4 Qd7 19. Bg2 Kh7 20. Rac1 Rac8 21. Qe4 Na5 22. b4 Nc6 23. a3 Rcd8 24. Bf3 Kg8 25. Be2 Rf5 26. Bc4 Re8 27. Bd3 Ne7 28. Rc2 Kh7 29. Qg2 Rf7 30. Be4 Nf5 31. Bxf5 exf5 32. f4 Rxe3 33. Rf3 Rxf3 34. Qxf3 Qxd4+ 35. Kg2 Re7 36. Rf2 Re4 37. Rf1 b5 38. Rf2 Re3 39. Qc6 Rxa3 40. Qc5 Qe4+ 41. Kh2 Rb3 0-1

[Event "YUG-chT (Women)"]
[Site "Kragujevac"]
[Date "2000.12.17"]
[Round "7"]
[White "Stojanovic, Marija R"]
[Black "Vujic Katanic, Branka"]
[Result "1/2-1/2"]
[WhiteElo "2312"]
[BlackElo "2125"]
[PlyCount "34"]
[EventDate "2000.12.11"]
[EventType "team"]
[EventRounds "11"]
[EventCountry "YUG"]
[SourceTitle "CBM 079 Extra"]
[Source "ChessBase"]
[SourceDate "2001.01.11"]
[SourceVersion "2"]
[SourceVersionDate "2001.01.25"]
[SourceQuality "1"]

1. e4 g6 2. d4 c6 3. Nf3 Bg7 4. c3 d5 5. exd5 cxd5 6. Bd3 Nh6 7. Bf4 0-0 8. 0-0 Nc6 9. Nbd2 f6 10. Bb5 Nf7 11. c4 e5 12. cxd5 Nxd4 13. Nxd4 Qxd5 14. Bc4 Qxd4 15. Be3 Qd7 16. Qb3 b6 17. Ne4 Kh8 1/2-1/2

[Event "YUG-chT (Women)"]
[Site "Kragujevac"]
[Date "2000.12.16"]
[Round "6"]
[White "Vujic Katanic, Branka"]
[Black "Jovanovic, Violeta"]
[Result "1-0"]
[WhiteElo "2125"]
[BlackElo "2155"]
[PlyCount "137"]
[EventDate "2000.12.11"]
[EventType "team"]
[EventRounds "11"]
[EventCountry "YUG"]
[SourceTitle "CBM 079 Extra"]
[Source "ChessBase"]
[SourceDate "2001.01.11"]
[SourceVersion "2"]
[SourceVersionDate "2001.01.25"]
[SourceQuality "1"]

1. Nf3 Nf6 2. c4 g6 3. Nc3 Bg7 4. e4 d6 5. d4 0-0 6. Be2 Na6 7. 0-0 e5 8. Be3 c6 9. d5 Ng4 10. Bg5 f6 11. Bh4 c5 12. Ne1 h5 13. Nd3 Nh6 14. f3 Nf7 15. a3 Bd7 16. b4 b6 17. b5 Nc7 18. a4 Bh6 19. Bf2 f5 20. Ra2 Bg5 21. a5 Bh4 22. axb6 Bxf2+ 23. Nxf2 axb6 24. Rxa8 Nxa8 25. exf5 gxf5 26. f4 h4 27. Bh5 exf4 28. Bxf7+ Rxf7 29. Qd3 Qe7 30. Nfd1 Rg7 31. Rxf4 Qg5 32. Qf1 Re7 33. Qf2 h3 34. g3 Nc7 35. Qf1 Rh7 36. Ne3 Re7 37. Ned1 Rh7 38. Na4 Na8 39. Ne3 Re7 40. Nd1 Re4 41. Nac3 Rd4 42. Rxd4 cxd4 43. Ne2 Qd2 44. Nf2 Nc7 45. Nf4 Ne8 46. Qxh3 Qc1+ 47. Qf1 Qe3 48. Qe2 Qe5 49. N2d3 Qe4 50. Nf2 Qe5 51. Qh5 Ng7 52. Qg5 Qe1+ 53. Kg2 Qe8 54. Qf6 Qf8 55. Qxd4 Qd8 56. N2d3 Kh7 57. Nb4 Ne8 58. Nc6 Qc7 59. Qe3 Bxc6 60. dxc6 Nf6 61. Nd5 Nxd5 62. cxd5 Qg7 63. Qe2 Qc3 64. Qe7+ Kg6 65. Qe6+ Kg7 66. Qxf5 Qd2+ 67. Kh3 Qh6+ 68. Kg4 Qxh2 69. c7 1-0

[Event "YUG-chT (Women)"]
[Site "Kragujevac"]
[Date "2000.12.12"]
[Round "2"]
[White "Vujic Katanic, Branka"]
[Black "Stajic, Snezana"]
[Result "1-0"]
[WhiteElo "2125"]
[BlackElo "2055"]
[PlyCount "71"]
[EventDate "2000.12.11"]
[EventType "team"]
[EventRounds "11"]
[EventCountry "YUG"]
[SourceTitle "CBM 079 Extra"]
[Source "ChessBase"]
[SourceDate "2001.01.11"]
[SourceVersion "2"]
[SourceVersionDate "2001.01.25"]
[SourceQuality "1"]

1. Nf3 Nf6 2. c4 g6 3. Nc3 d5 4. cxd5 Nxd5 5. Qa4+ c6 6. Qd4 Nf6 7. Qxd8+ Kxd8 8. e4 Bh6 9. Bc4 Ke8 10. d4 Bxc1 11. Rxc1 Be6 12. Bxe6 fxe6 13. Ng5 Kd7 14. 0-0 h6 15. Nf7 Rg8 16. Nxh6 Rf8 17. f3 Na6 18. Ne2 g5 19. h3 Rad8 20. a3 Kc8 21. Ng4 Nxg4 22. hxg4 Rd7 23. Kf2 Rfd8 24. Rh1 Nc7 25. Rc5 Nb5 26. Rxg5 Nxd4 27. Nxd4 Rxd4 28. Re1 Rd2+ 29. Re2 R8d3 30. Rg8+ Kc7 31. g5 Rxe2+ 32. Kxe2 Rb3 33. g6 Rxb2+ 34. Kf1 Rb5 35. f4 Rh5 36. g7 1-0

[Event "YUG-chT (Women)"]
[Site "Vrnjacka Banja"]
[Date "1999.??.??"]
[Round "8"]
[White "Vujic Katanic, Branka"]
[Black "Babic, Marijana"]
[Result "1-0"]
[WhiteElo "2119"]
[BlackElo "2141"]
[PlyCount "51"]
[EventDate "1999.08.??"]
[EventType "team"]
[EventRounds "9"]
[EventCountry "YUG"]
[SourceTitle "EXT 2000"]
[Source "ChessBase"]
[SourceDate "1999.11.16"]
[SourceVersion "1"]
[SourceVersionDate "1999.11.16"]
[SourceQuality "1"]

1. Nf3 d5 2. c4 dxc4 3. e3 Nf6 4. Bxc4 e6 5. 0-0 c5 6. Qe2 a6 7. Rd1 b5 8. Bb3 Bb7 9. a4 c4 10. Bc2 Qb6 11. axb5 axb5 12. Rxa8 Bxa8 13. d3 cxd3 14. Bxd3 Bb4 15. Ne5 Be7 16. Bxb5+ Nc6 17. Qc4 Bc5 18. Bd2 0-0 19. Bxc6 Bxc6 20. Nxc6 Qxc6 21. Rc1 Nd7 22. Bb4 Rd8 23. Nd2 h6 24. Nb3 Qa4 25. Nxc5 Nxc5 26. Qxc5 1-0